[Event "5. Magistral Ciutat de Cullera"]
[Site "Cullera ESP"]
[Date "2007.04.09"]
[Round "1.1"]
[White "Fenollar Jorda, Manuel"]
[Black "Kovacevic, Slobodan"]
[Result "0-1"]
[WhiteElo "2287"]
[BlackElo "2325"]
[PlyCount "137"]
[EventDate "2007.04.09"]
[EventType "tourn"]
[EventRounds "9"]
[EventCountry "ESP"]
[EventCategory "1"]
[Source "lmi"]
[SourceDate "2007.04.09"]

1. e4 c5 2. Nf3 e6 3. d4 cxd4 4. Nxd4 a6 5. c4 Nf6 6. Nc3 Qc7 7. a3 d6 8. Be2
b6 9. Be3 Bb7 10. f3 Nbd7 11. Rc1 Rc8 12. O-O Be7 13. b4 O-O 14. Qd2 Rfe8 15.
Rc2 Qb8 16. Kh1 Bd8 17. Bg1 Ne5 18. Na4 Nfd7 19. Rb1 Qa8 20. Rbc1 Qb8 21. c5
bxc5 22. bxc5 Nxc5 23. Nxc5 Rxc5 24. Rxc5 dxc5 25. Nb3 c4 26. Na5 Bc8 27. Nxc4
Nxc4 28. Rxc4 Be7 29. Bc5 Bxc5 30. Rxc5 h6 31. Qb4 Qa7 32. Qa5 Qb7 33. Qb4 Qa7
34. Qa5 Qb7 35. h3 Qb1+ 36. Kh2 Qb8+ 37. e5 Qb7 38. Bd3 g6 39. Be4 Qb8 40. Rc7
Kg7 41. Qc5 Kg8 42. a4 Kg7 43. a5 Qb2 44. Rxc8 Rxc8 45. Qxc8 Qxe5+ 46. g3 Qxa5
47. Qc2 Qb4 48. Bc6 a5 49. h4 g5 50. hxg5 hxg5 51. Kh3 Qd4 52. Kg2 Qb4 53. Qe2
Qc3 54. Qe4 Qb2+ 55. Kh3 Qa1 56. Kg2 Qb2+ 57. Kh3 Qa1 58. f4 gxf4 59. Qxf4 Qc3
60. Be8 f5 61. Qg5+ Kf8 62. Qg6 Qh8+ 63. Kg2 Qb2+ 64. Kf3 Qc3+ 65. Ke2 Qc2+ 66.
Ke3 Qc3+ 67. Kf4 Qd4+ 68. Kg5 Qd2+ 69. Kf6 0-1

[Event "5. Magistral Ciutat de Cullera"]
[Site "Cullera ESP"]
[Date "2007.04.09"]
[Round "1.3"]
[White "Cruz Lledo, Pablo"]
[Black "Jordan Martinez, David"]
[Result "0-1"]
[WhiteElo "1944"]
[BlackElo "2120"]
[PlyCount "114"]
[EventDate "2007.04.09"]
[EventType "tourn"]
[EventRounds "9"]
[EventCountry "ESP"]
[EventCategory "1"]
[Source "lmi"]
[SourceDate "2007.04.09"]

1. d4 d5 2. c4 dxc4 3. e4 Nf6 4. e5 Nd5 5. Bxc4 Nb6 6. Bb3 Nc6 7. Nf3 Bf5 8.
Nc3 e6 9. O-O Be7 10. Be3 Qd7 11. a3 O-O 12. Bc2 Bxc2 13. Qxc2 Nd5 14. Ne4 h6
15. Rac1 Rad8 16. Rfd1 Nb8 17. b4 Nc6 18. Nc5 Bxc5 19. Qxc5 a6 20. Nd2 Nce7 21.
Ne4 Qb5 22. Qc2 b6 23. Nc3 Nxc3 24. Qxc3 Nd5 25. Qc6 Qxc6 26. Rxc6 Ra8 27. a4
Rfb8 28. Rb1 Kf8 29. Kf1 Ke7 30. Ke2 Kd7 31. Rc2 b5 32. a5 Rd8 33. f4 h5 34.
Rb3 Rg8 35. h4 Rad8 36. Rb1 Kc8 37. g3 Kb7 38. Rbc1 Rd7 39. Rb1 Rgd8 40. Bf2
Ne7 41. Rd1 Nc6 42. Be3 Nxb4 43. Rb2 Nd5 44. Kd3 Ne7 45. Bf2 c5 46. Ke4 Nc6 47.
Rbd2 cxd4 48. Rc1 Nxa5 49. Ra2 Nc4 50. Rca1 a5 51. Rb1 Ka6 52. Rc2 Na3 53. Rc6+
Kb7 54. Rbc1 Nc4 55. Rc5 Kb6 56. R5xc4 bxc4 57. Rxc4 Kb5 0-1

[Event "5. Magistral Ciutat de Cullera"]
[Site "Cullera ESP"]
[Date "2007.04.09"]
[Round "1.4"]
[White "Uribe Arteaga, Daniel"]
[Black "Ilchev Ilchev, Plamen"]
[Result "1-0"]
[WhiteElo "2251"]
[BlackElo "2125"]
[PlyCount "107"]
[EventDate "2007.04.09"]
[EventType "tourn"]
[EventRounds "9"]
[EventCountry "ESP"]
[EventCategory "1"]
[Source "lmi"]
[SourceDate "2007.04.09"]

1. d4 Nf6 2. c4 e6 3. Nc3 Bb4 4. e3 c5 5. Nf3 d5 6. Bd3 O-O 7. O-O cxd4 8. exd4
dxc4 9. Bxc4 b6 10. Bg5 Bb7 11. Ne5 Be7 12. Re1 Nc6 13. Ba6 Qc8 14. Qf3 Na5 15.
Bxb7 Qxb7 16. Qxb7 Nxb7 17. Nc6 Bd6 18. Bxf6 gxf6 19. d5 Rfe8 20. Rad1 a5 21.
Ne4 Kg7 22. Nxd6 Nxd6 23. dxe6 Nf5 24. e7 Rac8 25. g4 Rxc6 26. gxf5 Rc7 27. Rd6
Rexe7 28. Rxe7 Rxe7 29. Rxb6 Re5 30. a4 Rxf5 31. Rb5 Rg5+ 32. Kf1 Kf8 33. Rxg5
fxg5 34. Ke2 Ke7 35. Kd3 Kd6 36. Kc4 Kc6 37. b4 axb4 38. Kxb4 Kb6 39. Kc4 Ka5
40. Kd4 Kxa4 41. Ke5 Kb4 42. Kf5 Kc4 43. Kxg5 Kd5 44. h4 Ke4 45. h5 f5 46. f4
h6+ 47. Kxh6 Kxf4 48. Kg6 Kg4 49. h6 f4 50. h7 Kg3 51. h8=Q Kg4 52. Qb2 Kg3 53.
Qe5 Kg4 54. Qg5+ 1-0

[Event "5. Magistral Ciutat de Cullera"]
[Site "Cullera ESP"]
[Date "2007.04.10"]
[Round "1.5"]
[White "Valmaña Canto, Jaime"]
[Black "Ivanov, Jordan"]
[Result "1/2-1/2"]
[WhiteElo "2338"]
[BlackElo "2381"]
[PlyCount "110"]
[EventDate "2007.04.09"]
[EventType "tourn"]
[EventRounds "9"]
[EventCountry "ESP"]
[EventCategory "1"]
[Source "lmi"]
[SourceDate "2007.04.09"]

1. e4 c5 2. Nf3 e6 3. d4 cxd4 4. Nxd4 Nc6 5. Nc3 Qc7 6. Be3 Nf6 7. Bd3 a6 8.
O-O h5 9. h3 b5 10. Nxc6 Qxc6 11. a3 Bb7 12. Qe2 Rc8 13. Kh1 Be7 14. f4 h4 15.
Qf2 Nh5 16. Ne2 Nf6 17. Nc3 Nh5 18. Rfe1 Ng3+ 19. Kh2 Bc5 20. f5 Qd6 21. Kg1
Qe5 22. Bxc5 Rxc5 23. Nd5 Rc8 24. Rad1 Qxb2 25. Qb6 Bxd5 26. exd5 Qxa3 27. dxe6
Qc5+ 28. Qxc5 Rxc5 29. exd7+ Kd8 30. f6 gxf6 31. Ra1 Kxd7 32. Rxa6 Re5 33. Rb1
Ne2+ 34. Kf2 Nc3 35. Rb3 Rc8 36. Rxf6 Ne4+ 37. Bxe4 Rxe4 38. Kf3 Rec4 39. Rxf7+
Ke6 40. Rf4 Rxf4+ 41. Kxf4 Rxc2 42. Kf3 Rc5 43. Rb4 Rc3+ 44. Kf2 Rc2+ 45. Kg1
Rc1+ 46. Kh2 Rc4 47. Rxb5 Kf6 48. Rd5 Kg6 49. Kg1 Rc2 50. Re5 Ra2 51. Kf1 Rb2
52. Re2 Rb3 53. Kf2 Kf5 54. Re3 Rxe3 55. Kxe3 Ke5 1/2-1/2

[Event "5. Magistral Ciutat de Cullera"]
[Site "Cullera ESP"]
[Date "2007.04.10"]
[Round "2.1"]
[White "Kovacevic, Slobodan"]
[Black "Ivanov, Jordan"]
[Result "1/2-1/2"]
[WhiteElo "2325"]
[BlackElo "2381"]
[PlyCount "50"]
[EventDate "2007.04.09"]
[EventType "tourn"]
[EventRounds "9"]
[EventCountry "ESP"]
[EventCategory "1"]
[Source "lmi"]
[SourceDate "2007.04.09"]

1. e4 c5 2. Nc3 Nc6 3. g3 g6 4. Bg2 Bg7 5. d3 d6 6. Be3 e6 7. f4 Nge7 8. Nf3
O-O 9. O-O b6 10. Qd2 Bb7 11. Bf2 Qd7 12. Rae1 Nd4 13. Nd1 Nxf3+ 14. Bxf3 f5
15. c3 d5 16. e5 Nc6 17. d4 Ba6 18. Be2 Bxe2 19. Rxe2 cxd4 20. cxd4 Rac8 21.
Nc3 Na5 22. b3 Rc7 23. Rfe1 Rfc8 24. Qb2 Bf8 25. Rc2 Be7 1/2-1/2

[Event "5. Magistral Ciutat de Cullera"]
[Site "Cullera ESP"]
[Date "2007.04.10"]
[Round "2.2"]
[White "Ilchev Ilchev, Plamen"]
[Black "Valmaña Canto, Jaime"]
[Result "0-1"]
[WhiteElo "2125"]
[BlackElo "2338"]
[PlyCount "52"]
[EventDate "2007.04.09"]
[EventType "tourn"]
[EventRounds "9"]
[EventCountry "ESP"]
[EventCategory "1"]
[Source "lmi"]
[SourceDate "2007.04.09"]

1. e4 c5 2. Nf3 e6 3. d4 cxd4 4. Nxd4 Nf6 5. Nc3 Nc6 6. Ndb5 d6 7. Bf4 e5 8.
Bg5 a6 9. Na3 b5 10. Nd5 Qa5+ 11. Bd2 Qd8 12. Bg5 Be7 13. Bxf6 Bxf6 14. c3 O-O
15. Nc2 Rb8 16. Nce3 Bg5 17. h4 Bxe3 18. Nxe3 Be6 19. a4 b4 20. Bxa6 bxc3 21.
bxc3 Qa5 22. Qd3 Rb3 23. O-O Ra8 24. Bc4 Rxc3 25. Qxd6 Bxc4 26. Rfc1 Be6 0-1

[Event "5. Magistral Ciutat de Cullera"]
[Site "Cullera ESP"]
[Date "2007.04.10"]
[Round "2.3"]
[White "Jordan Martinez, David"]
[Black "Uribe Arteaga, Daniel"]
[Result "1/2-1/2"]
[WhiteElo "2120"]
[BlackElo "2251"]
[PlyCount "121"]
[EventDate "2007.04.09"]
[EventType "tourn"]
[EventRounds "9"]
[EventCountry "ESP"]
[EventCategory "1"]
[Source "lmi"]
[SourceDate "2007.04.09"]

1. e4 c5 2. c3 g6 3. d4 cxd4 4. cxd4 d5 5. e5 Bg7 6. Nc3 Nc6 7. Be3 f6 8. exf6
Nxf6 9. Be2 O-O 10. Nf3 Bf5 11. O-O Rc8 12. Rc1 a6 13. h3 Ne4 14. Nxd5 Be6 15.
Nc3 Nxc3 16. bxc3 Na5 17. Qd2 Nc4 18. Bxc4 Bxc4 19. Rfe1 Qd5 20. Bh6 Rxf3 21.
gxf3 Qxf3 22. Qe3 Qxe3 23. Bxe3 Bxa2 24. Bg5 e6 25. Ra1 Bd5 26. Rec1 Rc4 27.
Kf1 e5 28. dxe5 Bxe5 29. Ra5 b5 30. Rxa6 Bxc3 31. Rd6 Bc6 32. Bf6 b4 33. Bxc3
bxc3 34. Ke2 Be4 35. Ke3 Bf5 36. Rd4 Rc7 37. h4 c2 38. Kf4 h5 39. f3 Kg7 40.
Ke5 Rc3 41. Kf4 Kf7 42. Kg3 Kf6 43. Kf4 Kf7 44. Kg3 Ke7 45. Kf4 Kf6 46. Rd6+
Kg7 47. Rd4 Rc7 48. Ke3 Kf6 49. Kf4 Rc6 50. Rb4 Kf7 51. Rd4 Kg7 52. Rb4 Rc3 53.
Rd4 Be6 54. Ke4 Rb3 55. Kf4 Rc3 56. Ke4 Bc8 57. Kf4 Ba6 58. Rd2 Bd3 59. Rxd3
Rxd3 60. Rxc2 Rd4+ 61. Kg3 1/2-1/2

[Event "5. Magistral Ciutat de Cullera"]
[Site "Cullera ESP"]
[Date "2007.04.10"]
[Round "2.4"]
[White "Gonzalez Menendez, Ivan"]
[Black "Cruz Lledo, Pablo"]
[Result "1-0"]
[WhiteElo "2401"]
[BlackElo "1944"]
[PlyCount "123"]
[EventDate "2007.04.09"]
[EventType "tourn"]
[EventRounds "9"]
[EventCountry "ESP"]
[EventCategory "1"]
[Source "lmi"]
[SourceDate "2007.04.09"]

1. e4 c6 2. d4 d5 3. Nd2 dxe4 4. Nxe4 Bf5 5. Ng3 Bg6 6. h4 h6 7. Nf3 Nd7 8. h5
Bh7 9. Bd3 Bxd3 10. Qxd3 Ngf6 11. Bf4 e6 12. O-O-O Be7 13. Kb1 O-O 14. Ne4 Qb6
15. Ne5 Rad8 16. Nc4 Qa6 17. Bc7 Nxe4 18. Bxd8 Rxd8 19. Qxe4 Qxc4 20. f3 Nf6
21. Qe5 Qd5 22. a3 Bd6 23. Qxd5 Nxd5 24. g4 f6 25. Rhe1 Kf7 26. Re4 Bxa3 27. c4
f5 28. gxf5 exf5 29. Re2 Nf4 30. Re5 Bd6 31. Rxf5+ Ke6 32. Ra5 a6 33. Kc2 Kf6
34. d5 Bb4 35. Ra4 c5 36. Rh1 Re8 37. Rh2 Ne2 38. Kd3 Nf4+ 39. Kc2 Re2+ 40.
Rxe2 Nxe2 41. Ra1 Nd4+ 42. Kd3 Nf5 43. Rg1 Ke5 44. Rg6 b5 45. Re6+ Kf4 46. d6
Nd4 47. Re7 Nf5 48. d7 Ba5 49. Re8 bxc4+ 50. Kxc4 Nd6+ 51. Kxc5 Nb7+ 52. Kd5
Kxf3 53. Re4 Nd8 54. Ra4 Bc7 55. Rxa6 Kg4 56. b4 Kxh5 57. b5 Bf4 58. Ra8 Nb7
59. Kc6 Nd6 60. d8=Q g5 61. Qxd6 Bxd6 62. Kxd6 1-0

[Event "5. Magistral Ciutat de Cullera"]
[Site "Cullera ESP"]
[Date "2007.04.10"]
[Round "2.5"]
[White "Fenollar Jorda, Manuel"]
[Black "Garcia Fernandez, Carlos"]
[Result "1-0"]
[WhiteElo "2287"]
[BlackElo "2377"]
[PlyCount "71"]
[EventDate "2007.04.09"]
[EventType "tourn"]
[EventRounds "9"]
[EventCountry "ESP"]
[EventCategory "1"]
[Source "lmi"]
[SourceDate "2007.04.09"]

1. d4 Nf6 2. Nf3 c5 3. c3 b6 4. e3 Bb7 5. Bd3 g6 6. O-O Bg7 7. Nbd2 O-O 8. b4
Qc7 9. Qb3 d6 10. bxc5 dxc5 11. e4 Nh5 12. Re1 Nf4 13. Bf1 cxd4 14. cxd4 Nc6
15. Bb2 Rad8 16. Rac1 Qb8 17. d5 Na5 18. Qa3 Bxb2 19. Qxb2 Rc8 20. g3 Nh5 21.
Bh3 Rxc1 22. Rxc1 Bc8 23. Bf1 Qd6 24. Qe5 f6 25. Qxd6 exd6 26. Rc7 a6 27. Nd4
b5 28. Ra7 Ng7 29. Nxb5 axb5 30. Rxa5 Bd7 31. Bxb5 Bxb5 32. Rxb5 Ra8 33. Nc4
Ne8 34. a3 f5 35. exf5 gxf5 36. Rb6 1-0

[Event "5. Magistral Ciutat de Cullera"]
[Site "Cullera ESP"]
[Date "2007.04.10"]
[Round "3.1"]
[White "Garcia Fernandez, Carlos"]
[Black "Kovacevic, Slobodan"]
[Result "1/2-1/2"]
[WhiteElo "2377"]
[BlackElo "2325"]
[PlyCount "30"]
[EventDate "2007.04.09"]
[EventType "tourn"]
[EventRounds "9"]
[EventCountry "ESP"]
[EventCategory "1"]
[Source "lmi"]
[SourceDate "2007.04.09"]

1. e4 e5 2. Nf3 Nc6 3. Bb5 a6 4. Ba4 d6 5. c4 Bd7 6. Nc3 g6 7. d4 exd4 8. Nxd4
Bg7 9. Be3 Nge7 10. O-O O-O 11. Rc1 Nxd4 12. Bxd7 c5 13. Bh3 Nec6 14. f4 f5 15.
g3 b5 1/2-1/2

[Event "5. Magistral Ciutat de Cullera"]
[Site "Cullera ESP"]
[Date "2007.04.10"]
[Round "3.2"]
[White "Cruz Lledo, Pablo"]
[Black "Fenollar Jorda, Manuel"]
[Result "0-1"]
[WhiteElo "1944"]
[BlackElo "2287"]
[PlyCount "116"]
[EventDate "2007.04.09"]
[EventType "tourn"]
[EventRounds "9"]
[EventCountry "ESP"]
[EventCategory "1"]
[Source "lmi"]
[SourceDate "2007.04.09"]

1. d4 d5 2. c4 c6 3. Nf3 Nf6 4. e3 a6 5. Qc2 g6 6. Bd3 Bg7 7. b3 O-O 8. Bb2 c5
9. O-O Nc6 10. a3 cxd4 11. exd4 Bg4 12. Nbd2 Rc8 13. c5 e5 14. dxe5 Nd7 15. h3
Bxf3 16. Nxf3 Ncxe5 17. Nxe5 Rxc5 18. Qe2 Re8 19. Rae1 Bxe5 20. Kh1 Rc8 21.
Bxe5 Nxe5 22. Qd1 Qd6 23. Be4 Rcd8 24. Bxd5 Qxd5 25. Qxd5 Rxd5 26. f4 Re6 27.
fxe5 Rdxe5 28. Rxe5 Rxe5 29. Rf3 f5 30. Kh2 Kf7 31. h4 Kf6 32. Kh3 Re4 33. g3
a5 34. Rc3 Re5 35. Rc7 Rb5 36. b4 axb4 37. axb4 h5 38. Rc4 Ke5 39. Kg2 Kd5 40.
Rf4 Rb6 41. Kf3 Re6 42. Kf2 Re4 43. Rf3 Rxb4 44. Rd3+ Ke5 45. Rd8 f4 46. Re8+
Kf5 47. gxf4 Kxf4 48. Rg8 Rb6 49. Rd8 Rb2+ 50. Kf1 Rb6 51. Rd4+ Kg3 52. Rc4
Rf6+ 53. Kg1 b5 54. Rb4 Rf5 55. Rd4 Rf4 56. Rd5 b4 57. Rg5+ Kxh4 58. Rxg6 Rg4+
0-1

[Event "5. Magistral Ciutat de Cullera"]
[Site "Cullera ESP"]
[Date "2007.04.10"]
[Round "3.4"]
[White "Valmaña Canto, Jaime"]
[Black "Jordan Martinez, David"]
[Result "1/2-1/2"]
[WhiteElo "2338"]
[BlackElo "2120"]
[PlyCount "140"]
[EventDate "2007.04.09"]
[EventType "tourn"]
[EventRounds "9"]
[EventCountry "ESP"]
[EventCategory "1"]
[Source "lmi"]
[SourceDate "2007.04.09"]

1. e4 e5 2. Bc4 Nc6 3. d3 Bc5 4. f4 exf4 5. Nf3 d6 6. Bxf4 Nf6 7. Nc3 Be6 8.
Bb3 Bxb3 9. axb3 h6 10. Na4 Bb6 11. Nxb6 axb6 12. Rxa8 Qxa8 13. O-O Nd7 14. Qe1
O-O 15. Nh4 Qa5 16. Qg3 Qh5 17. Nf5 Qg6 18. Qh3 Nf6 19. Bxh6 gxh6 20. Nxh6+ Kg7
21. Nf5+ Kg8 22. Rf3 Nh5 23. Qh4 Ra8 24. Rh3 Ra1+ 25. Kf2 Rc1 26. g4 Rxc2+ 27.
Ke3 Rxb2 28. Qxh5 Qxh5 29. gxh5 Ne5 30. Rg3+ Kh8 31. h4 Rxb3 32. Kd2 b5 33. Nd4
Rb2+ 34. Ke3 b4 35. h6 Rh2 36. Nf5 b3 37. Rg1 b2 38. Rb1 Kh7 39. Kd4 Ng4 40.
Kc3 Nxh6 41. Ne3 Kg6 42. Nc2 Rxh4 43. Rxb2 b6 44. Ne3 Rh5 45. Nd5 Rh1 46. Rg2+
Kh7 47. Kc2 f5 48. Nf6+ Kh8 49. exf5 c6 50. Rg6 Rh4 51. Kc3 b5 52. Kc2 c5 53.
Rg5 Rf4 54. Rh5 Kg7 55. Ne8+ Kf7 56. Nxd6+ Kg7 57. Ne8+ Kf7 58. Nd6+ Kg7 59.
f6+ Kg6 60. Rxc5 Rxf6 61. Nxb5 Nf5 62. Kc3 Rf8 63. d4 Nxd4 64. Nxd4 Rf1 65. Kd3
Kf6 66. Nc2 Rh1 67. Ne3 Ke6 68. Rg5 Ra1 69. Kd4 Ra4+ 70. Nc4 Ra1 1/2-1/2

[Event "5. Magistral Ciutat de Cullera"]
[Site "Cullera ESP"]
[Date "2007.04.10"]
[Round "3.5"]
[White "Ivanov, Jordan"]
[Black "Ilchev Ilchev, Plamen"]
[Result "1/2-1/2"]
[WhiteElo "2381"]
[BlackElo "2125"]
[PlyCount "38"]
[EventDate "2007.04.09"]
[EventType "tourn"]
[EventRounds "9"]
[EventCountry "ESP"]
[EventCategory "1"]
[Source "lmi"]
[SourceDate "2007.04.09"]

1. c4 c5 2. Nc3 Nc6 3. g3 g6 4. Bg2 Bg7 5. Nf3 e5 6. O-O Nge7 7. d3 d6 8. a3 a5
9. Ne1 Be6 10. Nc2 O-O 11. Ne3 Rb8 12. Rb1 f5 13. Ned5 Kh8 14. Bd2 Bg8 15. b4
axb4 16. axb4 Nxd5 17. Nxd5 b6 18. b5 Ne7 19. Nxe7 Qxe7 1/2-1/2

[Event "5. Magistral Ciutat de Cullera"]
[Site "Cullera ESP"]
[Date "2007.04.11"]
[Round "4.1"]
[White "Kovacevic, Slobodan"]
[Black "Ilchev Ilchev, Plamen"]
[Result "1-0"]
[WhiteElo "2325"]
[BlackElo "2125"]
[PlyCount "125"]
[EventDate "2007.04.09"]
[EventType "tourn"]
[EventRounds "9"]
[EventCountry "ESP"]
[EventCategory "1"]
[Source "lmi"]
[SourceDate "2007.04.09"]

1. d4 Nf6 2. Nf3 c5 3. e3 e6 4. Nbd2 b6 5. c3 d5 6. Bd3 Be7 7. Qe2 O-O 8. dxc5
bxc5 9. e4 Re8 10. O-O Nc6 11. e5 Nd7 12. Re1 Rb8 13. Nf1 Nf8 14. h3 Qa5 15. a3
c4 16. Bc2 Bd7 17. Ng3 Nd8 18. Nd4 Ba4 19. Bb1 Nc6 20. Nxc6 Bxc6 21. Qg4 Qd8
22. Ne2 Rb7 23. Nd4 Ba4 24. Nf3 Qb8 25. Ra2 Bb3 26. Ra1 Qc7 27. h4 Qd7 28. h5
Reb8 29. Nd4 Rb6 30. Bh6 g6 31. Bc1 Ba4 32. hxg6 fxg6 33. Ra2 Bc5 34. Nf3 Be7
35. Kh2 Bb3 36. Ra1 Ba4 37. Rh1 Bd8 38. Kg3 R8b7 39. Qd4 Qe8 40. Qd2 Rf7 41.
Qe2 Be7 42. Be3 Rb7 43. Kh2 Qb8 44. Bc1 Bd8 45. Re1 Kg7 46. Kg1 h6 47. Nd4 Bb6
48. Qd2 g5 49. Qe2 Qe8 50. g3 Bxd4 51. cxd4 Rb3 52. Kg2 Ng6 53. Rh1 Rbf3 54.
Be3 Rf8 55. Rh2 Qb8 56. Rh1 Qb3 57. Rc1 Qb5 58. Rc3 Qd7 59. Ba2 Nxe5 60. Rb1
Ng4 61. Qxf3 Rxf3 62. Kxf3 Nf6 63. b3 1-0

[Event "5. Magistral Ciutat de Cullera"]
[Site "Cullera ESP"]
[Date "2007.04.11"]
[Round "4.2"]
[White "Jordan Martinez, David"]
[Black "Ivanov, Jordan"]
[Result "1/2-1/2"]
[WhiteElo "2120"]
[BlackElo "2381"]
[PlyCount "38"]
[EventDate "2007.04.09"]
[EventType "tourn"]
[EventRounds "9"]
[EventCountry "ESP"]
[EventCategory "1"]
[Source "lmi"]
[SourceDate "2007.04.09"]

1. e4 c5 2. Nf3 e6 3. c3 Nf6 4. e5 Nd5 5. d4 cxd4 6. cxd4 d6 7. Bc4 Nc6 8. Qe2
Be7 9. O-O O-O 10. Nc3 Nxc3 11. bxc3 dxe5 12. dxe5 Qa5 13. Bd2 Qa4 14. Bb3 Qg4
15. h3 Qh5 16. Qe4 Bd7 17. Bc2 Rad8 18. Rad1 Qg6 19. Be3 Qxe4 1/2-1/2

[Event "5. Magistral Ciutat de Cullera"]
[Site "Cullera ESP"]
[Date "2007.04.11"]
[Round "4.3"]
[White "Gonzalez Menendez, Ivan"]
[Black "Valmaña Canto, Jaime"]
[Result "1-0"]
[WhiteElo "2401"]
[BlackElo "2338"]
[PlyCount "89"]
[EventDate "2007.04.09"]
[EventType "tourn"]
[EventRounds "9"]
[EventCountry "ESP"]
[EventCategory "1"]
[Source "lmi"]
[SourceDate "2007.04.09"]

1. e4 c5 2. Nf3 Nc6 3. Bb5 e6 4. O-O Nge7 5. Nc3 Nd4 6. Nxd4 cxd4 7. Ne2 a6 8.
Ba4 b5 9. Bb3 Bb7 10. d3 Nc6 11. f4 Bc5 12. Ng3 h5 13. f5 Bd6 14. Bf4 Bxf4 15.
Rxf4 Qg5 16. Qf1 Ne5 17. Ne2 Ng4 18. c3 Ne3 19. Qf2 Ng4 20. Qg3 e5 21. Rxg4
hxg4 22. Qxe5+ Qe7 23. Qxg7 O-O-O 24. cxd4 Qh4 25. Qe5 d6 26. Qf4 Qf6 27. e5
Qg7 28. e6 fxe6 29. Bxe6+ Kb8 30. Rf1 Qf6 31. Qxg4 Rh4 32. Qg6 Qh8 33. h3 Ka7
34. Qg3 Rh7 35. Qe3 Rg7 36. d5+ Ka8 37. f6 Rg6 38. f7 Rf8 39. Qd4 Qh6 40. Nf4
Rf6 41. Rf3 Qg5 42. Qe4 Kb8 43. Ne2 Rxe6 44. Qxe6 Qxd5 45. Qe8+ 1-0

[Event "5. Magistral Ciutat de Cullera"]
[Site "Cullera ESP"]
[Date "2007.04.11"]
[Round "4.4"]
[White "Fenollar Jorda, Manuel"]
[Black "Uribe Arteaga, Daniel"]
[Result "0-1"]
[WhiteElo "2287"]
[BlackElo "2251"]
[PlyCount "28"]
[EventDate "2007.04.09"]
[EventType "tourn"]
[EventRounds "9"]
[EventCountry "ESP"]
[EventCategory "1"]
[Source "lmi"]
[SourceDate "2007.04.09"]

1. d4 Nf6 2. Nf3 d6 3. Nc3 Bf5 4. Bg5 Nbd7 5. d5 c6 6. dxc6 bxc6 7. Nd4 Bg6 8.
Nxc6 Qb6 9. Nd4 Qxb2 10. Ndb5 Rc8 11. Rb1 Qxc2 12. Qxc2 Bxc2 13. Rc1 a6 14. Na7
Rxc3 0-1

[Event "5. Magistral Ciutat de Cullera"]
[Site "Cullera ESP"]
[Date "2007.04.11"]
[Round "4.5"]
[White "Garcia Fernandez, Carlos"]
[Black "Cruz Lledo, Pablo"]
[Result "1-0"]
[WhiteElo "2377"]
[BlackElo "1944"]
[PlyCount "127"]
[EventDate "2007.04.09"]
[EventType "tourn"]
[EventRounds "9"]
[EventCountry "ESP"]
[EventCategory "1"]
[Source "lmi"]
[SourceDate "2007.04.09"]

1. e4 c6 2. d4 d5 3. Nd2 dxe4 4. Nxe4 Bf5 5. Ng3 Bg6 6. Bc4 e6 7. N1e2 Bd6 8.
O-O Ne7 9. b3 O-O 10. Bb2 Nd7 11. Qd2 Nf6 12. Bd3 Qc7 13. c4 Rad8 14. Rad1 c5
15. Qc2 Nc6 16. Bxg6 hxg6 17. dxc5 Bxc5 18. h3 Qb6 19. Bxf6 gxf6 20. Ne4 Be7
21. Qc3 Kg7 22. Kh1 Qa5 23. Qxa5 Nxa5 24. g4 Nc6 25. Kg2 Rxd1 26. Rxd1 Rd8 27.
Rxd8 Nxd8 28. Nd4 f5 29. gxf5 exf5 30. Nc3 Ne6 31. Nde2 Bd8 32. Nd5 Nc7 33.
Nxc7 Bxc7 34. Nc3 a6 35. Nd5 Bd8 36. b4 g5 37. f3 Kg6 38. Kf2 Kh5 39. Kg3 f4+
40. Kf2 Kh4 41. Kg2 f6 42. c5 f5 43. a4 Kh5 44. b5 axb5 45. axb5 Kh4 46. b6 Kh5
47. c6 Bxb6 48. cxb7 Ba7 49. Ne7 Bb8 50. Nxf5 Kg6 51. Ne7+ Kh5 52. Nc6 Bc7 53.
b8=Q Bxb8 54. Nxb8 Kh4 55. Nd7 Kh5 56. Nf6+ Kg6 57. Ng4 Kh5 58. Kh2 Kg6 59. h4
gxh4 60. Kh3 Kh5 61. Nf2 Kg5 62. Nd3 Kh5 63. Nxf4+ Kg5 64. Ng2 1-0

[Event "5. Magistral Ciutat de Cullera"]
[Site "Cullera ESP"]
[Date "2007.04.11"]
[Round "5.1"]
[White "Cruz Lledo, Pablo"]
[Black "Kovacevic, Slobodan"]
[Result "0-1"]
[WhiteElo "1944"]
[BlackElo "2325"]
[PlyCount "70"]
[EventDate "2007.04.09"]
[EventType "tourn"]
[EventRounds "9"]
[EventCountry "ESP"]
[EventCategory "1"]
[Source "lmi"]
[SourceDate "2007.04.09"]

1. d4 Nf6 2. c4 e6 3. Nc3 c5 4. d5 exd5 5. cxd5 d6 6. e4 g6 7. f3 a6 8. a4 Bg7
9. Nge2 Nbd7 10. Ng3 O-O 11. Be2 Re8 12. O-O Rb8 13. Be3 h5 14. h3 Nh7 15. a5
h4 16. Nh1 f5 17. Nf2 Ne5 18. Qd2 b5 19. axb6 Rxb6 20. Ra4 Qe7 21. Rfa1 g5 22.
exf5 Nxf3+ 23. Bxf3 Qxe3 24. Qxe3 Rxe3 25. Nfe4 Bd4 26. Kh1 Bxf5 27. Rxa6 Rxa6
28. Rxa6 Re1+ 29. Kh2 Nf6 30. Nxf6+ Bxf6 31. g4 Bd3 32. Ra8+ Kf7 33. Kg2 Be5
34. Ra7+ Kf6 35. Bd1 Bxc3 0-1

[Event "5. Magistral Ciutat de Cullera"]
[Site "Cullera ESP"]
[Date "2007.04.11"]
[Round "5.2"]
[White "Uribe Arteaga, Daniel"]
[Black "Garcia Fernandez, Carlos"]
[Result "1/2-1/2"]
[WhiteElo "2251"]
[BlackElo "2377"]
[PlyCount "26"]
[EventDate "2007.04.09"]
[EventType "tourn"]
[EventRounds "9"]
[EventCountry "ESP"]
[EventCategory "1"]
[Source "lmi"]
[SourceDate "2007.04.09"]

1. d4 Nf6 2. c4 c5 3. d5 b5 4. cxb5 a6 5. bxa6 g6 6. Nc3 Bxa6 7. Nf3 Bg7 8. g3
d6 9. Bg2 O-O 10. O-O Nbd7 11. Rb1 Qa5 12. Qc2 Rfb8 13. Rd1 Ne8 1/2-1/2

[Event "5. Magistral Ciutat de Cullera"]
[Site "Cullera ESP"]
[Date "2007.04.11"]
[Round "5.3"]
[White "Valmaña Canto, Jaime"]
[Black "Fenollar Jorda, Manuel"]
[Result "0-1"]
[WhiteElo "2338"]
[BlackElo "2287"]
[PlyCount "29"]
[EventDate "2007.04.09"]
[EventType "tourn"]
[EventRounds "9"]
[EventCountry "ESP"]
[EventCategory "1"]
[Source "lmi"]
[SourceDate "2007.04.09"]

1. e4 d5 2. exd5 Qxd5 3. Nc3 Qa5 4. d4 c6 5. Bc4 Bf5 6. Bd2 e6 7. Nf3 Nf6 8.
Nd5 Qd8 9. Nxf6+ Qxf6 10. c3 Nd7 11. Bf4 Bg4 12. Qd2 Bxf3 13. gxf3 Be7 14. Rg1
h6 15. O-O-O 0-1

[Event "5. Magistral Ciutat de Cullera"]
[Site "Cullera ESP"]
[Date "2007.04.11"]
[Round "5.4"]
[White "Ivanov, Jordan"]
[Black "Gonzalez Menendez, Ivan"]
[Result "1/2-1/2"]
[WhiteElo "2381"]
[BlackElo "2401"]
[PlyCount "29"]
[EventDate "2007.04.09"]
[EventType "tourn"]
[EventRounds "9"]
[EventCountry "ESP"]
[EventCategory "1"]
[Source "lmi"]
[SourceDate "2007.04.09"]

1. Nf3 Nf6 2. c4 c5 3. Nc3 Nc6 4. e3 e6 5. d4 cxd4 6. exd4 d5 7. cxd5 Nxd5 8.
Bd3 Be7 9. O-O O-O 10. Re1 b6 11. Nxd5 exd5 12. Bxh7+ Kxh7 13. Qc2+ Kg8 14.
Qxc6 Be6 15. Rxe6 1/2-1/2

[Event "5. Magistral Ciutat de Cullera"]
[Site "Cullera ESP"]
[Date "2007.04.11"]
[Round "5.5"]
[White "Ilchev Ilchev, Plamen"]
[Black "Jordan Martinez, David"]
[Result "1/2-1/2"]
[WhiteElo "2125"]
[BlackElo "2120"]
[PlyCount "50"]
[EventDate "2007.04.09"]
[EventType "tourn"]
[EventRounds "9"]
[EventCountry "ESP"]
[EventCategory "1"]
[Source "lmi"]
[SourceDate "2007.04.09"]

1. d4 Nf6 2. c4 e6 3. Nf3 b6 4. g3 Ba6 5. b3 Bb4+ 6. Bd2 Be7 7. Bg2 c6 8. Bc3
d5 9. Ne5 Nfd7 10. Nxd7 Nxd7 11. Nd2 O-O 12. O-O Rc8 13. e4 c5 14. exd5 exd5
15. dxc5 dxc4 16. c6 cxb3 17. Re1 b2 18. Bxb2 Nc5 19. Nc4 Bxc4 20. Qg4 Bg5 21.
Qxc4 Nd3 22. Be5 Nxe1 23. Rxe1 Bf6 24. Bxf6 Qxf6 25. c7 Qd6 1/2-1/2